Room for improvement (Record no. 109747)
[ view plain ]
| 000 -LEADER | |
|---|---|
| fixed length control field | 01782cad a22002415a 4500 |
| 001 - CONTROL NUMBER | |
| control field | E147846 |
| 008 - FIXED-LENGTH DATA ELEMENTS--GENERAL INFORMATION | |
| fixed length control field | 090623s2009 xxk f 000 0 eng d |
| 020 ## - INTERNATIONAL STANDARD BOOK NUMBER | |
| International Standard Book Number | 1862405719 |
| 035 ## - SYSTEM CONTROL NUMBER | |
| System control number | (Sirsi) u147846 |
| 041 0# - LANGUAGE CODE | |
| Language code of text/sound track or separate title | eng |
| 050 04 - LIBRARY OF CONGRESS CALL NUMBER | |
| Classification number | 333.72 $2 18 |
| 110 2# - MAIN ENTRY--CORPORATE NAME | |
| Corporate name or jurisdiction name as entry element | Audit Commission |
| 9 (RLIN) | 5757 |
| 245 00 - TITLE STATEMENT | |
| Title | Room for improvement |
| Remainder of title | strategic asset management in local government |
| Medium | [electronic resource] |
| 260 ## - PUBLICATION, DISTRIBUTION, ETC. | |
| Place of publication, distribution, etc. | London |
| Name of publisher, distributor, etc. | Audit Commission |
| Date of publication, distribution, etc. | 2009 |
| 505 2# - FORMATTED CONTENTS NOTE | |
| Formatted contents note | Summary -- Recommendations -- Chapter 1, introduction -- Chapter 2, expectations of the local government estate -- Chapter 3, the changing local government estate -- Chapter 4, barriers and challenges -- Chapter 5, improving the estate -- Conclusion -- Appendix 1, research methodology -- Appendix 2a, key line of enquiry 2.3 criteria for asset management in 2008, use of resources assessments -- Appendix 2b, key line of enquiry 3.2 criteria for asset management in 2009, use of resources assessments -- Appendix 3, further sources of information on data management for councils -- References |
| 520 ## - SUMMARY, ETC. | |
| Summary, etc. | Examines the performance of councils in terms of managing their property. Finds that, when measured against their 2000 performance, 65 councils improved and 46 councils got worse in 2007/08, although the standard used was tighter. Makes recommendations for ways in which councils can improve, for example by disposing of surplus or under-used property, and recruiting appropriately skilled staff. |
| 521 ## - TARGET AUDIENCE NOTE | |
| Target audience note | Advanced |
| 590 ## - LOCAL NOTE (RLIN) | |
| Local note | KA NTK |
| 651 #4 - SUBJECT ADDED ENTRY--GEOGRAPHIC NAME | |
| Geographic name | England |
| Chronological subdivision | 886- |
| 690 ## - LOCAL SUBJECT ADDED ENTRY--TOPICAL TERM (OCLC, RLIN) | |
| Topical term or geographic name as entry element | Block management |
| 9 (RLIN) | 6220 |
| 856 40 - ELECTRONIC LOCATION AND ACCESS | |
| Uniform Resource Identifier | <a href="https://www.audit-commission.gov.uk/nationalstudies/localgov/Pages/roomforimprovement17jun2009.aspx#downloads">https://www.audit-commission.gov.uk/nationalstudies/localgov/Pages/roomforimprovement17jun2009.aspx#downloads</a> |
| Public note | View the report free of charge at www.audit-commission.gov.uk... |
| 942 ## - ADDED ENTRY ELEMENTS (KOHA) | |
| Suppress in OPAC | 0 |
| Withdrawn status | Lost status | Source of classification or shelving scheme | Damaged status | Not for loan | Home library | Current library | Shelving location | Date acquired | Total Checkouts | Full call number | Barcode | Date last seen | Copy number | Price effective from | Koha item type |
|---|---|---|---|---|---|---|---|---|---|---|---|---|---|---|---|
| Dewey Decimal Classification | Virtual | Virtual | Online | 23/06/2009 | ONLINE PUBLICATION | 147846-2001 | 06/08/2019 | 1 | 06/08/2019 | Book |